00950nam a2200229Ia 4500003000900000008004100009020001800050040001600068080002200084111010200106245023700208260006100445300001600506490003400522650002600556650003300582650002700615650000800642700002500650700002500675700002000700IN-BaIIA211028s9999 xx 000 0 eng d a1-58381-106-0 cIIA Library a082.2:52bASP-266 aWorkshop on Astronomical Site Evaluation in the Visible and Radio RangecMoraccod2000 Nov. 13-17 0aAstronomical site evaluation in the visible and radio rangebproceedings of a workshop held in Marrakech, Moracco, 13-17 Nov 2000cedited by J. Vernin, Z. Benkhaldoun and C. Munoz-Tunon  aSan FranciscobAstronomical Society of the Pacificc2002 axxiv, 615p. aASP conference series; v. 266 aAstroclimatic station aAstronomical site evaluation aAtmospheric turbulance aGSM aBenkhaldoun, Z., ed. aMunoz-Tunon, C., ed. aVernin, J., ed.